Most Tony Awards for a Musical (single year) - Statistics

General Stats
  • This quiz has been taken 10 times
  • The average score is 8 of 15
Answer Stats
Awards Year Answer % Correct
12 2001 The Producers
90%
11 2016 Hamilton
70%
8 2019 Hadestown
60%
8 1987 Les Miserables
60%
10 2021* Moulin Rouge!
60%
9 2011 The Book of Mormon
60%
9 1976 A Chorus Line
50%
10 2009 Billy Elliot
50%
8 1967 Cabaret
50%
10 2018 The Band's Visit
50%
10 1964 Hello, Dolly!
40%
8 2012 Once
40%
9 1950 South Pacific
40%
8 2007 Spring Awakening
40%
8 1979 Sweeney Todd
30%
No matching quizzes found
Score Distribution
Percent of People with Each Score
Percentile by Number Answered
Your Score History
You have not taken this quiz